Нормален изглед
MARC изглед
- ОМИР
Вход 01. Лично име
001 - Контролен номер на записа
- Контролно поле: 396789
003 - Код на организацията, даваща контролен номер
- Контролно поле: BLK
005 - Дата и час на последна промяна на записа
- Контролно поле: 20190925162500.0
008 - Данни с фиксирана дължина – обща информация
- Данни с фиксирана дължина : 190925|| aca||aabn | a|a d
100 ## - ИМЕ НА ЛИЦЕ -ПЪРВИЧНА ИНТЕЛЕКТУАЛНА ОТГОВОРНОСТ
- Лично име: ОМИР
- Ключова дума за отношение: първи автор
942 ## - Системна служебна употреба
- Koha auth type: PERSO_NAME